Nommez les 20 pays viticoles les plus importants au monde - Vin Quiz 1 - Statistiques

Statistiques générales
  • Ce quiz a été pris 200 fois
  • Le résultat moyen est 13 sur 20
Statistiques - réponses
Hint Réponse % Correct
F France
98%
E Espagne
94%
I Italie
94%
A Allemagne
89%
P Portugal
82%
Etats Unis
79%
H Hongrie
78%
Argentine
75%
C Chine
74%
Australie
67%
S Suisse
67%
G Grèce
62%
Chili
58%
Autriche
56%
R Roumanie
52%
M Maroc
44%
N Nouvelle-Zélande
43%
Afrique du Sud
41%
B Bulgarie
40%
Mexique
35%
Aucun quiz correspondant
Distribution des résultats
% des personnes avec chaque résultat
Percentile par nombre de réponses
Votre historique - résultats
Vous n’avez pas pris ce quiz